Statistics for Roblox Popular Games 2018

Click here to take the quiz!

General Stats

  • This quiz has been taken 27 times
  • The average score is 3 of 10

Answer Stats

HintAnswer% Correct
3.Meep City
82%
1.Jailbreak
73%
9.Murder Mystery 2
41%
4.Royale High
41%
6.Phantom Forces
27%
8.Welcome To Bloxburg
23%
2.Booga Booga
18%
7.Mining Simulator
14%
10.Robloxian Highschoo;
14%
5.Treasure Hunt Simulator
9%

Score Distribution

Percentile by Number Answered

Percent of People with Each Score

Your Score History

You have not taken this quiz